000 00432nam a22001697a 4500
003 GBCCL
005 20251201123424.0
008 180629b ||||| |||| 00| 0 eng d
040 _cgbc
082 _aVER 220.5954
_bSIM 1
245 _aPathian Lehkhabu Siangthou
250 _aIndian ed.
260 _aLondon:
_bTrinitarian Bible Society.
_c1992
300 _a1019 p.;
_c22 cm.
650 _aBible(Simte)
_912266
942 _2ddc
_cREF
999 _c6845
_d6845